PHARMACOGNOSY LAB MANUAL (Record no. 5987)

MARC details
000 -LEADER
fixed length control field 00366nam a22001457a 4500
005 - DATE AND TIME OF LATEST TRANSACTION
control field 20210827141230.0
008 - FIXED-LENGTH DATA ELEMENTS--GENERAL INFORMATION
fixed length control field 190911b xxu||||| |||| 00| 0 eng d
020 ## - INTERNATIONAL STANDARD BOOK NUMBER
ISBN 978-93-86819-44-4
041 ## - LANGUAGE CODE
Language code of text/sound track or separate title eng
100 ## - MAIN ENTRY--AUTHOR NAME
Personal name LYENGAR, M.A AND NAYAK, S.G.K
245 ## - TITLE STATEMENT
Title PHARMACOGNOSY LAB MANUAL
260 ## - PUBLICATION, DISTRIBUTION, ETC. (IMPRINT)
Place of publication HYDERABAD
Name of publisher PHARMAMED
Year of publication 2018
300 ## - PHYSICAL DESCRIPTION
Number of Pages 115p,
942 ## - ADDED ENTRY ELEMENTS (KOHA)
Koha item type Books
Holdings
Lost status Damaged status Collection code Home library Current library Shelving location Date acquired Source of acquisition Cost, normal purchase price Full call number Accession Number Koha item type
    PHARMACY JRU Library JRU Library Shelf - 27- B 11/09/2019 PURCHESS 125.00 615.32 23516 Books
    Reference JRU Library JRU Library SHELF-4-B 11/09/2019 PURCHESS 125.00   23517 Books
    PHARMACY JRU Library JRU Library Shelf - 27- B 11/09/2019 PURCHESS 125.00 615.32 23518 Books
    PHARMACY JRU Library JRU Library Shelf - 27- B 11/09/2019 PURCHESS 125.00 615.32 23519 Books